<?xml version="1.0" encoding="UTF-8"?>
<collection xmlns="http://www.loc.gov/MARC21/slim">
 <record>
  <leader>00824nam a2200193   4500</leader>
  <controlfield tag="001">1/33616</controlfield>
  <controlfield tag="008">070914s2007    it ab        n000 0 eng  </controlfield>
  <datafield tag="020" ind1=" " ind2=" ">
   <subfield code="a">9789290840343</subfield>
  </datafield>
  <datafield tag="035" ind1=" " ind2=" ">
   <subfield code="l">36047</subfield>
  </datafield>
  <datafield tag="082" ind1="0" ind2="0">
   <subfield code="a">KET 378.4551 DOC</subfield>
  </datafield>
  <datafield tag="245" ind1="0" ind2="0">
   <subfield code="a">Doctoral grants &amp; postdoctoral fellowships in Florence :</subfield>
   <subfield code="b">2008-2009 /</subfield>
   <subfield code="c">European University Institute.</subfield>
  </datafield>
  <datafield tag="260" ind1=" " ind2=" ">
   <subfield code="a">San Domenico di Fiesole :</subfield>
   <subfield code="b">European University Institute,</subfield>
   <subfield code="c">2007.</subfield>
  </datafield>
  <datafield tag="300" ind1=" " ind2=" ">
   <subfield code="a">35 σ. :</subfield>
   <subfield code="b">εικ., χάρτ.;</subfield>
   <subfield code="c">30 εκ.</subfield>
  </datafield>
  <datafield tag="650" ind1=" " ind2="4">
   <subfield code="a">Graduate students</subfield>
   <subfield code="x">Scholarships, fellowships, etc.</subfield>
   <subfield code="z">Florence</subfield>
   <subfield code="z">Italy.</subfield>
  </datafield>
  <datafield tag="650" ind1=" " ind2="4">
   <subfield code="a">Postdoctoral studies</subfield>
   <subfield code="z">Florence</subfield>
   <subfield code="z">Italy.</subfield>
  </datafield>
  <datafield tag="650" ind1=" " ind2="4">
   <subfield code="a">Research grants</subfield>
   <subfield code="z">Florence</subfield>
   <subfield code="z">Italy.</subfield>
  </datafield>
  <datafield tag="650" ind1=" " ind2="4">
   <subfield code="a">Research support</subfield>
   <subfield code="z">Florence</subfield>
   <subfield code="z">Italy.</subfield>
  </datafield>
  <datafield tag="710" ind1="2" ind2=" ">
   <subfield code="a">European University Institute.</subfield>
  </datafield>
  <datafield tag="852" ind1=" " ind2=" ">
   <subfield code="a">INST</subfield>
   <subfield code="b">UNIPILB</subfield>
   <subfield code="c">KET</subfield>
   <subfield code="e">20071025</subfield>
   <subfield code="h">KET 378.4551 DOC</subfield>
   <subfield code="p">00153912</subfield>
   <subfield code="q">00153912</subfield>
   <subfield code="t">LOAN</subfield>
   <subfield code="y">0</subfield>
   <subfield code="4">1</subfield>
  </datafield>
 </record>
</collection>
